000 00289nam a22001217a 4500
008 170511b xxu||||| |||| 00| 0 eng d
041 _aeng
080 _a34
100 _a15
101 _aSHJ
245 _aINTRODUCTION TO LOGIC AND CRITICAL THINKING
_cSALMON.M.H
942 _2udc
_cBK
999 _c13159
_d13159